El nombre propio : lectura con sentido en el Nivel Inicial / (Registro nro. 32710)
[ vista simple ]
| 000 -CABECERA | |
|---|---|
| campo fijo de control de longitud | 01220nab a2200253 4500 |
| 003 - IDENTIFICADOR DEL NÚMERO DE CONTROL | |
| campo de control | AR-RoBPED |
| 005 - FECHA Y HORADE LA ULTIMA TRANSACCION | |
| campo de control | 20260506123003.0 |
| 008 - ELEMENTOS DE LONGITUD FIJA--INFORMACION GENERAL | |
| campo fijo de control de longitud | 260506b |||||||| |||| 00| 0 spa d |
| 040 ## - FUENTE CATALOGADORA | |
| Centro catalogador/agencia de origen | AR-RoBPED |
| 041 ## - IDIOMA | |
| Código de idioma para texto/pista de sonido o título independiente | spa |
| 100 1# - ENCABEZAMIENTO PRINCIPAL--AUTOR PERSONAL | |
| Nombre de persona | Donato, Valeria |
| 9 (RLIN) | 22847 |
| Función | Docente especializada en Educación Inicial y Primaria |
| 245 13 - TITULO | |
| Título | El nombre propio : lectura con sentido en el Nivel Inicial / |
| 260 ## - PUBLICACION | |
| Lugar | Buenos Aires : |
| Editor | Noveduc, |
| Fecha | 2023 |
| 300 ## - DESCRIPCION FISICA | |
| Extensión | 8-14 p. |
| 500 ## - NOTA GENERAL | |
| Nota general | La autora señala que el nombre propio es una palabra potente para aprender a leer en el Nivel Inicial y ofrece diversas actividades y propuestas para la sala que, con las adaptaciones que las instituciones realicen en función de sus características y necesidades, constituyen un aporte para la construcción de bases sólidas para la alfabetización inicial. |
| 650 #7 - TERMINO DE MATERIA--CONTROLADO | |
| Término controlado | LECTURA |
| 9 (RLIN) | 160 |
| Término controlado | ACTIVIDADES DIDACTICAS |
| 9 (RLIN) | 18754 |
| Término controlado | DOCENTES |
| 9 (RLIN) | 344 |
| Término controlado | NIVEL INICIAL |
| 9 (RLIN) | 1213 |
| Término controlado | ALFABETIZACION |
| 9 (RLIN) | 386 |
| 773 0# - DOCUMENTO FUENTE | |
| Host Biblionumber | 20414 |
| Host Itemnumber | 41865 |
| Place, publisher, and date of publication | Buenos Aires : Noveduc, 1993- |
| Título | Novedades Educativas |
| Record control number | (AR-RoBPED)20414 |
| International Standard Serial Number | 03283534 |
| 942 ## - ELEMENTOS KOHA | |
| Fuente de clasificación | Universal Decimal Classification |
| Koha tipo de ítem | Revistas |
| Clasificación | 37(05) |
| Signatura librística | Nov 86 N° 390 (Sept.2023) |
| Número Koha | k.32710 |
| 945 ## - PROCESAMIENTO DE LA INFORMACIÓN LOCAL | |
| Catalogador y fecha | mar 05/2026 |
No hay ítems disponibles.